000 00710nab a2200229 a 4500
005 20210219161625.0
008 991125s1985 mx 000 0 spa u
035 _aUPN01000188773
100 1 _aMoreno Jiménez, Bernardo
222 _aREVISTA MEXICANA DE PSICOLOGIA
245 _aLa agresión laboral y la intención de abandono : evaluación del papel mediador de la satisfacción laboral
300 _a125-135
362 0 _a2012 Vol. 29, no. 2, jul.-dic.
653 0 _aAGRESION LABORAL
653 0 _aSATISFACCION LABORAL
653 0 _aABANDONO LABORAL
700 1 _aDíaz Gracia, Liliana,
700 1 _ecoaut.
700 1 _aGarrosa Hernández, Eva,
700 1 _ecoaut.
905 _aArticulo
999 _c160876
_d160876